000 00296nam a22001337a 4500
008 170315b xxu||||| |||| 00| 0 eng d
020 _a0517319349
041 _aeng
080 _a611
100 _a7
101 _aSHM
245 _aTHE COLOR ATLAS OF HUMAN ANATOMY
_cJOLLY.R.T
942 _2udc
_cBK
999 _c7831
_d7831